| 000 | 00851cab a2200265 4500 | ||
|---|---|---|---|
| 001 | WB2936-20 | ||
| 008 | 090401t1993 xxu||||| |||| 00| 0 eng d | ||
| 035 | _a(Sirsi) u37889 | ||
| 041 | _aeng | ||
| 100 | _aLevis, Tony | ||
| 245 | _aRents under review | ||
| 260 | _c1993 | ||
| 350 | _a0 | ||
| 490 |
_aCSW - The Property Week _v44(14) 30 September 1993, 88(1) |
||
| 520 | _aMore lease renewals as a result of the trend towards short-term leases will mean greater involvement of solicitors and more referrals to court than to arbitration. | ||
| 650 | _aABOUT RICS-RICS MEMBERS | ||
| 650 | _aFUTURE | ||
| 650 | _aLEASE RENEWALS | ||
| 650 | _aRENT REVIEWS | ||
| 650 | _aSHORT LEASES | ||
| 690 | _aLANDLORD AND TENANT-RENT REVIEWS | ||
| 690 | _aMANAGEMENT-BUSINESS MANAGEMENT-PROFESSIONAL PRACTICE | ||
| 942 | _n0 | ||
| 948 | _c04/03/1997 | ||
| 999 |
_c24367 _d24367 |
||